№ 5; Национальные стандарты
| Parent link: | Национальные стандарты: Информационный указатель/ Федеральное агентство по техническому регулированию и метрологии. № 5.— , 2004- |
|---|---|
| Iaith: | Rwseg |
| Cyhoeddwyd: |
2010
|
| Fformat: | Llyfr |
| KOHA link: | https://koha.lib.tpu.ru/cgi-bin/koha/opac-detail.pl?biblionumber=425234 |
MARC
| LEADER | 00000nam2a2200000 4500 | ||
|---|---|---|---|
| 001 | 425234 | ||
| 005 | 20250304145401.0 | ||
| 035 | |a (RuTPU)RU\TPU\prd\83807 | ||
| 090 | |a 425234 | ||
| 100 | |a 20100616a19409999k y0rusy50 ca | ||
| 101 | 0 | |a rus | |
| 102 | |a RU | ||
| 200 | 0 | |a № 5 | |
| 210 | |d 2010 | ||
| 461 | 1 | |0 (RuTPU)RU\TPU\prd\23792 |t Национальные стандарты |o Информационный указатель |f Федеральное агентство по техническому регулированию и метрологии |v № 5 |d 2004- | |
| 801 | 0 | |a RU |b 63413507 |c 20010227 |g PSBO | |
| 801 | 1 | |a RU |b 63413507 |c 20100616 | |
| 801 | 2 | |a RU |b 63413507 |c 20191126 |g RCR | |
| 942 | |c CR | ||